Iglesia, sociedad y estado en España, Francia e Italia, (ss. XVIII al XX) / (Record no. 13763)

MARC details
000 -LEADER
campo de control de longitud fija 00918nam a2200253 i 4500
001 - NÚMERO DE CONTROL
campo de control 13763
003 - IDENTIFICADOR DE NÚMERO DE CONTROL
campo de control ES-MaACL
005 - FECHA Y HORA DE LA ÚLTIMA TRANSACCIÓN
campo de control 20250831025422.0
007 - CAMPO FIJO DE DESCRIPCIÓN FÍSICA--INFORMACIÓN GENERAL
campo de control de longitud fija t|
008 - DATOS DE LONGITUD FIJA--INFORMACIÓN GENERAL
campo de control de longitud fija 920325s1991 sp |||| | spa j
020 ## - NÚMERO INTERNACIONAL ESTÁNDAR DEL LIBRO
Número Internacional Estándar del Libro 84-7784-924-2
080 ## - NÚMERO DE LA CLASIFICACIÓN DECIMAL UNIVERSAL
Número de la Clasificación Decimal Universal 322(4-13)"17/19"
080 ## - NÚMERO DE LA CLASIFICACIÓN DECIMAL UNIVERSAL
Número de la Clasificación Decimal Universal 348.42(4-13)"17/19"
245 00 - MENCIÓN DEL TÍTULO
Título Iglesia, sociedad y estado en España, Francia e Italia, (ss. XVIII al XX) /
Mención de responsabilidad, etc. Emilio La Parra López, Jesús Pradells Nadal, editores.
260 ## - PUBLICACIÓN, DISTRIBUCIÓN, ETC.
Lugar de publicación, distribución, etc. Alicante :
Nombre del editor, distribuidor, etc. Instituto de Cultura "Juan-Gil Albert",
Fecha de publicación, distribución, etc. 1991.
300 ## - DESCRIPCIÓN FÍSICA
Extensión 549 p. ;
Dimensiones 24 cm.
650 04 - PUNTO DE ACCESO ADICIONAL DE MATERIA--TÉRMINO DE MATERIA
Término de materia o nombre geográfico como elemento de entrada Patrimonio eclesiástico-
Subdivisión geográfica Europa meridional-
Subdivisión de forma Historia.
9 (RLIN) 169216
650 #7 - PUNTO DE ACCESO ADICIONAL DE MATERIA--TÉRMINO DE MATERIA
Término de materia o nombre geográfico como elemento de entrada Iglesia y Estado-
Subdivisión geográfica Europa meridional
Fuente del encabezamiento o término
9 (RLIN) 169217
700 1# - ENTRADA AGREGADA--NOMBRE PERSONAL
Nombre de persona La Parra López, Emilio.
9 (RLIN) 69173
700 1# - ENTRADA AGREGADA--NOMBRE PERSONAL
Nombre de persona Pradells Nadal, Jesús.
9 (RLIN) 93588
710 2# - ENTRADA AGREGADA--NOMBRE DE ENTIDAD CORPORATIVA
Nombre de entidad corporativa o nombre de jurisdicción como elemento de entrada Instituto de Cultura "Juan Gil-Albert"
9 (RLIN) 4857
852 ## - LOCALIZACIÓN
Ubicación ES-MaACL
Número de control de estantería L-21204
Holdings
Estatus retirado Estado de pérdida Estado de daño No para préstamo Biblioteca de origen Biblioteca actual Ubicación en estantería Fecha de adquisición Fuente de adquisición Total de préstamos Signatura topográfica completa Código de barras Visto por última vez Precio de reemplazo Tipo de ítem Koha
        Biblioteca del Ateneo de Madrid Biblioteca del Ateneo de Madrid Depósito 2 17/01/2008     L-21204 1014007 23/02/2023 23/02/2023 Libro impreso